[Event "ROM-ch U12 Boys"]
[Site "Voineasa"]
[Date "2008.04.13"]
[Round "3"]
[White "Negut, Daniel Andrei"]
[Black "Cotiga, Ioan"]
[Result "0-1"]
[WhiteElo "401"]
[BlackElo "401"]
[PlyCount "84"]
[EventDate "2008.04.08"]
[EventType "swiss"]
[EventRounds "9"]
[EventCountry "ROU"]
[SourceTitle "EXT 2013"]
[Source "ChessBase"]
[SourceDate "2012.11.22"]
[SourceVersion "1"]
[SourceVersionDate "2012.11.22"]
[SourceQuality "1"]

1. e4 c5 2. Nc3 Nc6 3. Nf3 d6 4. Bb5 Bd7 5. Bxc6 Bxc6 6. d4 cxd4 7. Nxd4 e5 8. Ndb5 Qa5 9. Qe2 a6 10. Na3 Nf6 11. Bd2 Qc7 12. Bg5 Be7 13. Bxf6 Bxf6 14. Nd5 Bxd5 15. exd5 e4 16. Qxe4+ Qe7 17. Qxe7+ Kxe7 18. 0-0-0 Bg5+ 19. Kb1 b5 20. Rhe1+ Kd7 21. b4 Rhe8 22. Rf1 Re2 23. f4 Bf6 24. Rg1 Rae8 25. c4 Rb2+ 26. Kc1 Ree2 27. cxb5 axb5 28. Rde1 Red2 29. h3 Rxa2 30. Nxb5 Rac2+ 31. Kb1 Rb2+ 32. Kc1 Rxd5 33. Na3 Rdd2 34. Re4 d5 35. Ree1 Bc3 36. Rd1 Re2 37. Rxd5+ Kc6 38. Rc5+ Kd6 39. Rxc3 Ra2 40. Nb5+ Ke7 41. Rc7+ Kf6 42. g4 Ra1# 0-1

[Event "ROM-ch U12 Boys"]
[Site "Voineasa"]
[Date "2008.04.12"]
[Round "2"]
[White "Cotiga, Ioan"]
[Black "Udrescu, Bogdan"]
[Result "0-1"]
[WhiteElo "401"]
[BlackElo "401"]
[PlyCount "75"]
[EventDate "2008.04.08"]
[EventType "swiss"]
[EventRounds "9"]
[EventCountry "ROU"]
[SourceTitle "EXT 2013"]
[Source "ChessBase"]
[SourceDate "2012.11.22"]
[SourceVersion "1"]
[SourceVersionDate "2012.11.22"]
[SourceQuality "1"]

1. d4 d5 2. c4 Nf6 3. Nc3 e6 4. Nf3 b6 5. g3 Bb7 6. Bg2 Bb4 7. 0-0 dxc4 8. e3 0-0 9. Qc2 Bxc3 10. Qxc3 Qd5 11. Nh4 Ne4 12. Bxe4 Qxe4 13. Qxc4 g5 14. f3 Qc6 15. Qxc6 Bxc6 16. Ng2 Rd8 17. Rd1 Bxf3 18. Rd2 Bxg2 19. Kxg2 c5 20. b3 Nc6 21. Bb2 e5 22. d5 Ne7 23. Rad1 Nf5 24. Kf3 g4+ 25. Ke4 Ne7 26. d6 Nc6 27. Bxe5 Re8 28. Kd5 Nxe5 29. a3 Rad8 30. a4 Re6 31. Ke4 Nc4+ 32. Kd5 Nxd2 33. Rxd2 Rexd6+ 34. Kc4 Rxd2 35. Kb5 Rxh2 36. Ka6 Rd3 37. Kxa7 Rxb3 38. Ka6 0-1